| 000 | 00881nam a22002177a 4500 | ||
|---|---|---|---|
| 999 |
_c12001 _d12001 |
||
| 003 | AR-CdUCM | ||
| 008 | 190405b ||||| |||| 00| 0 spa d | ||
| 040 |
_aMUNICIPALIDAD PROVINCIAL DEL CUSCO _cBIBLIOTECA MUNICIPAL DEL CUSCO |
||
| 082 |
_a708.85 / _bP76 / 1949 |
||
| 110 |
_aInstituto de investigaciones de arte Peruano y Americano _929620 |
||
| 245 | _aPomata templo de nuestra señora del Rosario / | ||
| 260 |
_aLima : _bPublicaciones del instituto de investigaciones e arte Peruano y americano, _c1949. |
||
| 300 |
_a65 paginas ; _bIlustraciones, _c21 cm. |
||
| 440 |
_aDocumentos del arte Peruano _nV _929655 |
||
| 505 | _aContenido : Ubicación geográfica -- Etimología de su nombre -- Época de su construcción -- Cupula | ||
| 650 |
_aCupula _929656 |
||
| 650 |
_aIglesia _91428 |
||
| 650 |
_aCatolicismo _92175 |
||
| 942 |
_2ddc _cLIBROS |
||
| 945 |
_awnts _d2019-04-05 |
||